| 000 | 00893nas a2200301 4500 | ||
|---|---|---|---|
| 001 | BR0002733 | ||
| 003 | BR-BrBNA | ||
| 005 | 20231205101855.0 | ||
| 007 | ta | ||
| 008 | 230509b bl.|||p| |||| 00| 00por d | ||
| 040 |
_aBR-BrBNA _bpor _cBiblioteca Nacional de Agricultura |
||
| 041 | _a(Pt) | ||
| 072 | _aL02 | ||
| 100 | 1 | _aSouza, A.A. de | |
| 100 | 1 | _aEspindola, G.B. | |
| 245 | 1 | _aBancos de proteina de leucena e de guandu para suplementacao de ovinos mantidos em pastagens de capim-buffel | |
| 650 | _aOvino | ||
| 650 | _aCapim Buffel | ||
| 650 | _aLeucaena | ||
| 650 | _aGuandu | ||
| 650 | _aPastagem | ||
| 650 | _aSuplemento Alimentar | ||
| 650 | _aPastejo | ||
| 650 | _aCeara | ||
| 773 | 0 |
_tRevista Brasileira de Zootecnia (Brazil) _xISSN 1516-3598 _g(Mar-Apr 2000), v. 29(2) p. 365-372 _wBR0002733 |
|
| 909 |
_a202311 _bLúcia _c55 _dLúcia Elande |
||
| 942 |
_2AGRIS _n0 _cANA |
||
| 999 |
_c164454 _d164454 |
||